000
00298nam a22001337a 4500
008
170511b xxu||||| |||| 00| 0 eng d
020
_a
9780312692148
041
_a
eng
080
_2
9 ED
_a
34
100
_a
15
101
_a
SHJ
245
_a
ELEMENTS ARGUMENT
_c
ROTTENBERG.A.T
942
_2
udc
_c
BK
999
_c
13167
_d
13167